00216nam a2200085Ia 450000500170000000800410001724500450005826000100010399900170011320250523150954.0250523s9999 xx 000 0 und d 0aNehirde Kayan YıldızlarcHakan Karahan bALTIN c11904d11904